| 000 | 00943 a2200277 4500 | ||
|---|---|---|---|
| 001 | 200002501 | ||
| 650 | 0 |
_aHuman rights _zTurkey _919348 |
|
| 999 |
_c200002501 _d29259 |
||
| 003 | TR-AnTOB | ||
| 005 | 20251014073923.0 | ||
| 008 | 101111s 201 tu 000 0 | ||
| 020 | _a9789758805099 | ||
| 040 | _aTR-AnTOB | ||
| 041 | _atur | ||
| 050 | 1 | 4 |
_aHV640 _b.I57 2010 |
| 090 | _aHV640 .I57 2010 | ||
| 245 | 0 | 0 |
_aİnsan hakları ışığında Türkiye’de bulunan mülteciler, sığınmacılar ve yasadışı göçmenlerin sorunları / _cTBMM İnsan Haklarını İnceleme Komisyonu. |
| 264 | 1 |
_aAnkara : _bTBMM İnsan Haklarını İnceleme Komisyonu, _c2010. |
|
| 300 |
_a271 s. : _c22 cm. |
||
| 490 | 0 |
_aTBMM İnsan Haklarını İnceleme Komisyonu _vyayın no : 22 |
|
| 650 | 0 |
_aRefugees _xGovernment policy _971723 |
|
| 650 | 0 |
_aMülteciler _xDevlet politikası _971724 |
|
| 650 | 7 |
_aİnsan hakları _2etuturkob _911238 |
|
| 910 | _a0035011 | ||
| 942 | _cBK | ||